Statistiques concernant L'année 2013 en sport

Cliquez ici pour prendre le quiz!

Statistiques générales

  • Ce quiz a été pris 106 fois
  • Le résultat moyen est 8 sur 15

Statistiques - réponses

HintRéponse% Correct
Pays d'origine d'Edinson Cavani, meilleur buteur du championnat d'Italie de footballUruguay
94%
Footballeur français, 3ème du ballon d'or cette année-làFranck Ribery
92%
Handballeur, évoluant au cours de la saison 2012-2013 à Montpellier puis Aix-en-Provence, élu meilleur joueur du championnat de FranceNikola Karabatic
78%
Footballeur surnommé "petit vélo", finissant meilleur passeur du championnat de France, à égalité avec Dimitri PayetMathieu Valbuena
70%
Cycliste suisse, spécialiste du contre la montre et des classiques flandriennes, vainqueur du Paris-Roubaix pour la 3ème foisFabian Cancellara
67%
Club d'un port grec, vainqueur de l'Euroliguede basketballOlympiakós Le Pirée
65%
Franchise NBA, draftant Giánnis Antetokoúnmpo à la 15ème positionBucks de Milwaukee
59%
Championne du France du 100m, 200m et 400m nage libre, et médaillée de bronze aux championnats du monde sur 200m et 4x200mCamille Muffat
54%
Club de banlieue parisienne, remportant pour la première fois la Pro A de basketballNanterre 92
53%
Club de rugby irlandais, signant un doublé Pro 12 et Challenge européenLeinster
51%
Président du RC Toulon, remportant sa première coupe d'Europe de RugbyMourad Boudjellal
51%
Transatlantique "caféinée", remportée en monocoque par Vincent Riou et Jean Le CamTransat Jacques-Vabre
42%
Stade de Moscou accueillant les championnats du monde d'athlétismeStade Loujniki
24%
Marque avec laquelle Sebastien Ogier remporte son premier titre de champion du monde des rallyesVolkswagen
19%
Circuit sur lequel s'est déroulé le Bol d'orNevers Magny-Cours
5%

Distribution des résultats

Percentile par nombre de réponses

% des personnes avec chaque résultat

Votre développement - résultats

Vous n’avez pas pris ce quiz